| 000 | 00940nam a2200253 a 4500 | ||
|---|---|---|---|
| 003 | EG-GiCUC | ||
| 005 | 20250223030002.0 | ||
| 008 | 091215s1964 ua f m 000 0 ara d | ||
| 040 |
_aEG-GiCUC _bara _cEG-GiCUC |
||
| 041 | 0 | _aara | |
| 049 | _aايداع | ||
| 097 | _aماجستير | ||
| 099 | _aCai01.06.07.M.Sc.1964.عب.م | ||
| 100 | 0 | _aعبدالرحمن محمد السيد | |
| 245 | 1 | 0 |
_aمدرسة البصرة النحوية : _bنشأتها وتطورها / _cعبدالرحمن محمد السيد |
| 260 |
_aالقاهرة : _bعبدالرحمن محمد السيد : _c1964 |
||
| 300 |
_a428 ورقة ؛ _c30سم |
||
| 502 | _aاطروحة (ماجستير) - جامعة القاهرة - كلية دار العلوم - قسم النحو والصرف والعروض | ||
| 856 | _uhttp://172.23.153.220/th.pdf | ||
| 902 | _a1 | ||
| 905 |
_aEnas _eCataloger |
||
| 905 |
_aMustafa _eRevisor |
||
| 942 |
_2ddc _cTH |
||
| 999 |
_c24930 _d24930 |
||